000 00308nam a22001217a 4500
020 _a9789380963570
082 _a631.587
_bSWA/WA
100 _aSwaroop,Udai
_9927
245 _aWater Harvesting :Treatment and Technology
260 _aDelhi
_bSignature Books International
_c2013
300 _a264
942 _cBK
999 _c14531
_d14531